| 000 | 00742nam a22002057a 4500 | ||
|---|---|---|---|
| 005 | 20230303084154.0 | ||
| 008 | 230303b |||||||| |||| 00| 0 eng d | ||
| 020 | _a978-621-427-038-5 | ||
| 082 | _aFil. 808.042 B311 2020 | ||
| 100 |
_aBasilan, Ma.Leticia Jose C., _eauthor. |
||
| 245 |
_aRealidad : _ba creatives nonfiction / _cMa.Leticia Jose C. Basilan and Cinderella C. De La Cruz. |
||
| 260 |
_aManila : _bUnlimited Books Library Services & Publishing, _cc2020. |
||
| 300 |
_axvi, 162 p. ; _bill. |
||
| 504 | _aIncludes bibliographical references. | ||
| 541 | _e6885 c.1, 6886 c.2 | ||
| 650 | _aCreative writing | ||
| 650 | _aCreative nonfiction | ||
| 650 |
_aEnglish language _xRhetoric |
||
| 700 |
_aDe La Cruz, Cinderella C., _eauthor. |
||
| 999 |
_c1580 _d1580 |
||